| 000 | 01333nam a2200337 i 4500 | ||
|---|---|---|---|
| 001 | 768714001 | ||
| 003 | CO-MdFUSB | ||
| 005 | 20220309111915.0 | ||
| 007 | ta | ||
| 008 | 810620t1930 enk 000 0 eng u | ||
| 020 | _q[No incluye ISBN] | ||
| 040 |
_cCO-MdFUSB _dm.c. _dCAP _dUtOrBLW _aCO-MdFUSB _bspa _erda |
||
| 041 | _aeng | ||
| 082 |
_223 _a227.07 _bL192 |
||
| 100 | 1 |
_aLake, Kirsopp, _d1872-1946. _eautor |
|
| 245 | 1 | 4 |
_aThe earlier epistles of St. Paul : _btheir motive and origin _c/ Kirsopp Lake. |
| 250 | _asegunda edición | ||
| 264 | 1 |
_aLondon : _bRivingtons, _c[1919] |
|
| 264 | 4 | _c© 1919 | |
| 300 |
_a466 páginas ; _c23 cm. |
||
| 336 |
_atexto _btxt _2rdacontent. |
||
| 337 |
_asin mediación _bn _2rdamedia. |
||
| 338 |
_avolumen _bnc _2rdacarrier. |
||
| 500 | _aProfesosr of Early christian history in the University of Harvard | ||
| 505 | _aEl bosquejo dado en Hechos de los eventos en la vida de San Pablo - La controversia judaísta, los gentiles convertidos y el trasfondo del cristianismo gentil - Las epístolas a los Tesalonicenses - Corinto - La epístola a los Gálatas - La epístola a los Romanos - Conclusión - Índice. | ||
| 563 | _aTapa dura | ||
| 630 | 7 |
_aBiblia. _pEpístolas Paulinas _xCrítica, interpretación, etc. |
|
| 942 | _cBK | ||
| 945 | _aJTF-925 | ||
| 999 |
_c66669 _d66669 |
||